[Event "DEM U10/U10w 2009"]
[Site "Willingen GER"]
[Date "2009.06.01"]
[Round "3"]
[White "Puls, Olivia"]
[Black "Schmitt, Marco"]
[Result "1-0"]
[Termination "normal"]
[Board "44"]
[WhiteElo "822"]
[BlackElo "993"]
[PlyCount "55"]
[EventCountry "GER"]
[EventRounds "11"]
[EventType "swiss"]
[EventDate "2009.05.30"]

1. e4 e5 2. f4 Bc5 3. Nf3 d6 4. d4 exd4 5. Nxd4 Nf6 6. Nc3 b6 7. Bc4 Bb7 8. Qd3
Nc6 9. Nxc6 Bxc6 10. Bd2 O-O 11. O-O-O Qe8 12. Rhe1 Bf2 13. Re2 Bc5 14. e5 dxe5
15. fxe5 Ng4 16. Qg3 Qd7 17. e6 Qd4 18. exf7+ Rxf7 19. Bxf7+ Kxf7 20. Qxc7+ Qd7
21. Rf1+ Kg8 22. Qg3 Bb5 23. Nxb5 Qxb5 24. Qxg4 Bf8 25. Ref2 Rd8 26. Qe6+ Kh8
27. Rxf8+ Rxf8 28. Rxf8# 1-0

[Event "DEM U10/U10w 2009"]
[Site "Willingen GER"]
[Date "2009.06.01"]
[Round "3"]
[White "Gheng, Christian"]
[Black "Teichmann, Felix"]
[Result "1-0"]
[Termination "normal"]
[Board "46"]
[WhiteElo "1386"]
[BlackElo "1211"]
[PlyCount "55"]
[WhiteFideId "24660345"]
[BlackFideId "12927538"]
[EventCountry "GER"]
[EventRounds "11"]
[EventType "swiss"]
[EventDate "2009.05.30"]

1. e4 e5 2. Nf3 Nc6 3. Bb5 Nge7 4. O-O g6 5. c3 Bg7 6. d4 exd4 7. cxd4 d5 8. e5
O-O 9. Nc3 Nf5 10. Re1 h6 11. Ne2 f6 12. Nf4 Nfe7 13. b3 fxe5 14. dxe5 Bg4 15.
Bxc6 bxc6 16. Qd3 g5 17. Ne2 Bxf3 18. gxf3 Bxe5 19. Nd4 Bg7 20. Ne6 Qd6 21.
Nxg7 Kxg7 22. Bb2+ Kg8 23. Rxe7 Rf7 24. Rxf7 Kxf7 25. Qh7+ Ke6 26. Re1+ Qe5 27.
Rxe5+ Kd6 28. Qe7# 1-0

[Event "DEM U10/U10w 2009"]
[Site "Willingen GER"]
[Date "2009.06.01"]
[Round "4"]
[White "Bauer, Björn-Benny"]
[Black "Gungl, Theo"]
[Result "1/2-1/2"]
[Termination "normal"]
[Board "1"]
[WhiteElo "1603"]
[BlackElo "1681"]
[PlyCount "107"]
[WhiteFideId "24698741"]
[BlackFideId "24695653"]
[EventCountry "GER"]
[EventRounds "11"]
[EventType "swiss"]
[EventDate "2009.05.30"]

1. d4 c6 2. c4 d5 3. Nf3 Nf6 4. cxd5 cxd5 5. Nc3 Bf5 6. Bf4 Nc6 7. e3 a6 8. Be2
e6 9. Ne5 Be7 10. O-O O-O 11. Rc1 Nxe5 12. dxe5 Nd7 13. Bg4 Bg6 14. Qf3 Rc8 15.
Rfd1 Rc6 16. Qh3 Nb6 17. Ne2 Qc7 18. Rxc6 Qxc6 19. Nd4 Qc7 20. Bh5 Rc8 21. b3
Qc3 22. Bxg6 hxg6 23. Nxe6 Qb2 24. g3 Qc2 25. Re1 Qc3 26. Rf1 Nd7 27. Ng5 Bxg5
28. Qxd7 Bxf4 29. gxf4 Qc6 30. Qxc6 bxc6 31. Rd1 f6 32. Kg2 Kf7 33. exf6 gxf6
34. Kg3 Ke6 35. Kg4 Rh8 36. Rh1 c5 37. h4 c4 38. Rc1 f5+ 39. Kg3 cxb3 40. axb3
Kd6 41. Ra1 Ra8 42. Ra5 Kc6 43. b4 Ra7 44. f3 Ra8 45. h5 gxh5 46. Kh4 Rb8 47.
Rxa6+ Kb5 48. Ra2 Re8 49. Re2 d4 50. e4 fxe4 51. fxe4 d3 52. Rd2 Rxe4 53. Rxd3
Rxf4+ 54. Kxh5 1/2-1/2

[Event "DEM U10/U10w 2009"]
[Site "Willingen GER"]
[Date "2009.06.01"]
[Round "4"]
[White "Litzka, Richard"]
[Black "Lagunow, Raphael"]
[Result "0-1"]
[Termination "normal"]
[Board "2"]
[WhiteElo "1330"]
[BlackElo "1491"]
[PlyCount "108"]
[BlackFideId "24652644"]
[EventCountry "GER"]
[EventRounds "11"]
[EventType "swiss"]
[EventDate "2009.05.30"]

1. e4 d5 2. exd5 Nf6 3. d4 Qxd5 4. c4 Qa5+ 5. Bd2 Qb6 6. c5 Qe6+ 7. Be2 Nc6 8.
Nf3 g6 9. O-O Bg7 10. Nc3 O-O 11. Bg5 Nd5 12. Bc4 Nxc3 13. Bxe6 Nxd1 14. Bxc8
Raxc8 15. Raxd1 e6 16. Rd2 h6 17. Bf4 g5 18. Be3 f5 19. Bxg5 hxg5 20. Nxg5 Nxd4
21. Rxd4 Bxd4 22. Nxe6 Bxb2 23. Nxf8 Rxf8 24. Rb1 Rd8 25. g3 Rd2 26. Kf1 Bd4
27. Rxb7 Rxf2+ 28. Ke1 Bxc5 29. Rxc7 Bb6 30. Rc6 Rxh2 31. Rf6 Rxa2 32. Rxf5 Rg2
33. Rf3 Kg7 34. Kf1 Rg1+ 35. Ke2 Kg6 36. Kd3 Kg5 37. Ke4 Kg4 38. Rf8 Kxg3 39.
Kd5 Rc1 40. Rf7 a5 41. Rf8 Rc5+ 42. Kd6 a4 43. Rb8 Ba7 44. Rb4 Ra5 45. Rb2 a3
46. Ra2 Kf3 47. Kc6 Ke3 48. Kd6 Kd3 49. Kc6 Kc3 50. Kd6 Kb3 51. Ra1 Bd4 52. Rh1
a2 53. Rf1 a1=Q 54. Rxa1 Bxa1 0-1

[Event "DEM U10/U10w 2009"]
[Site "Willingen GER"]
[Date "2009.06.01"]
[Round "4"]
[White "Mehsin, Yazan"]
[Black "Rempe, Moritz"]
[Result "1-0"]
[Termination "normal"]
[Board "3"]
[WhiteElo "1180"]
[BlackElo "1362"]
[PlyCount "63"]
[BlackFideId "12906867"]
[EventCountry "GER"]
[EventRounds "11"]
[EventType "swiss"]
[EventDate "2009.05.30"]

1. e4 e6 2. d4 d5 3. e5 c5 4. c3 Qb6 5. Nf3 Nc6 6. Bd3 cxd4 7. cxd4 Bd7 8. Bc2
Bb4+ 9. Nc3 Nge7 10. O-O Ng6 11. Bd2 Nxd4 12. Nxd4 Qxd4 13. Ba4 Nxe5 14. Bxd7+
Nxd7 15. Nb5 Qc5 16. Bxb4 Qxb5 17. Qg4 Nf6 18. Qxg7 Rg8 19. Qxf6 Qxb4 20. Rac1
Qb6 21. Rc3 Qd8 22. Qf4 Qg5 23. Qa4+ Ke7 24. Rc7+ Kf8 25. Qb4+ Ke8 26. g3 h5
27. h4 Qd8 28. Qf4 f6 29. Rxb7 e5 30. Qf5 Qc8 31. Qh7 Qe6 32. Rc1 1-0

[Event "DEM U10/U10w 2009"]
[Site "Willingen GER"]
[Date "2009.06.01"]
[Round "4"]
[White "Scholz, Robert"]
[Black "Gschnitzer, Adrian"]
[Result "1-0"]
[Termination "normal"]
[Board "5"]
[WhiteElo "1497"]
[BlackElo "1253"]
[PlyCount "75"]
[WhiteFideId "1270301"]
[BlackFideId "1270337"]
[EventCountry "GER"]
[EventRounds "11"]
[EventType "swiss"]
[EventDate "2009.05.30"]

1. e4 c5 2. Nc3 Nc6 3. Bc4 g6 4. d3 Bg7 5. f4 d6 6. Nf3 Bg4 7. Bxf7+ Kf8 8. Bc4
Qd7 9. h3 Bxf3 10. Qxf3 Nd4 11. Qd1 Nf6 12. a4 Bh6 13. O-O e6 14. e5 d5 15. Bb5
Nxb5 16. Nxb5 a6 17. Nc3 Ng8 18. d4 c4 19. h4 Ke7 20. h5 Rf8 21. b3 Kd8 22.
bxc4 Rf5 23. g4 Rf8 24. g5 gxh5 25. gxh6 Nxh6 26. Qxh5 Rhg8+ 27. Kf2 Nf5 28.
Ba3 dxc4 29. Rad1 Qg7 30. Rg1 Ng3 31. Qh4+ Kc8 32. Rxg3 Qf7 33. Bxf8 Rxf8 34.
Rdg1 Qf5 35. Rc1 b5 36. Qg5 b4 37. Qxf5 Rxf5 38. Ne2 1-0

[Event "DEM U10/U10w 2009"]
[Site "Willingen GER"]
[Date "2009.06.01"]
[Round "4"]
[White "Brandl, Lea Maria"]
[Black "Baberz, Alexander"]
[Result "1-0"]
[Termination "normal"]
[Board "6"]
[WhiteElo "1438"]
[BlackElo "1268"]
[PlyCount "41"]
[WhiteFideId "24693049"]
[BlackFideId "12921734"]
[EventCountry "GER"]
[EventRounds "11"]
[EventType "swiss"]
[EventDate "2009.05.30"]

1. d4 d5 2. c4 c6 3. Nc3 Nf6 4. Nf3 h6 5. e3 e6 6. Bd3 Bd6 7. O-O O-O 8. Re1
Re8 9. e4 dxe4 10. Nxe4 Nxe4 11. Bxe4 Nd7 12. h3 Nf6 13. Bc2 b6 14. Be3 Qc7 15.
Qd2 Bb7 16. Bxh6 gxh6 17. Qxh6 Nd7 18. Bh7+ Kh8 19. Bg6+ Kg8 20. Qh7+ Kf8 21.
Qxf7# 1-0

[Event "DEM U10/U10w 2009"]
[Site "Willingen GER"]
[Date "2009.06.01"]
[Round "4"]
[White "Nobis, Anna"]
[Black "Petrashov, Alexander"]
[Result "1-0"]
[Termination "normal"]
[Board "7"]
[WhiteElo "1269"]
[BlackElo "1613"]
[PlyCount "95"]
[WhiteFideId "1270302"]
[BlackFideId "24662461"]
[EventCountry "GER"]
[EventRounds "11"]
[EventType "swiss"]
[EventDate "2009.05.30"]

1. e4 e6 2. d4 d5 3. exd5 exd5 4. Bd3 Nc6 5. Ne2 Nf6 6. Nbc3 Bb4 7. O-O Bxc3 8.
bxc3 O-O 9. Bf4 Re8 10. Rb1 Rb8 11. Re1 Nh5 12. Qd2 Bg4 13. Bg5 Qd6 14. h3 Bd7
15. c4 dxc4 16. Bxc4 Nf6 17. Bf4 Qe7 18. Bxc7 Be6 19. Bxe6 Qxc7 20. Bf5 Rbd8
21. c3 Ne4 22. Qc2 Nf6 23. Ng3 g6 24. Bd3 b6 25. Ne4 Nxe4 26. Bxe4 Rc8 27. Re2
f5 28. Bd5+ Kg7 29. Qd3 Rxe2 30. Qxe2 Ne7 31. Bb3 Ng8 32. c4 Nf6 33. Re1 Re8
34. Qd2 Ne4 35. Qb4 a5 36. Qa3 Qd7 37. d5 Nd2 38. Qb2+ Kg8 39. Qxd2 a4 40.
Rxe8+ Qxe8 41. Bc2 b5 42. c5 Qd7 43. Qd4 Kf7 44. Qe5 h6 45. c6 Qc8 46. c7 Kg8
47. d6 Kf7 48. Qe7+ 1-0

[Event "DEM U10/U10w 2009"]
[Site "Willingen GER"]
[Date "2009.06.01"]
[Round "4"]
[White "Baskin, Robert"]
[Black "Schamschurko, André"]
[Result "1-0"]
[Termination "normal"]
[Board "8"]
[WhiteElo "1697"]
[BlackElo "1282"]
[PlyCount "25"]
[WhiteFideId "24662402"]
[BlackFideId "24695670"]
[EventCountry "GER"]
[EventRounds "11"]
[EventType "swiss"]
[EventDate "2009.05.30"]

1. e4 e5 2. Nf3 Nc6 3. Bb5 f5 4. d3 fxe4 5. dxe4 Nf6 6. O-O Bc5 7. Bxc6 bxc6 8.
Nxe5 Nxe4 9. Qh5+ g6 10. Nxg6 Rb8 11. Ne5+ Ke7 12. Qf7+ Kd6 13. Nc4# 1-0

[Event "DEM U10/U10w 2009"]
[Site "Willingen GER"]
[Date "2009.06.01"]
[Round "4"]
[White "Ovsepyan, Arshak"]
[Black "Balzer, Alexander"]
[Result "1-0"]
[Termination "normal"]
[Board "9"]
[WhiteElo "1863"]
[BlackElo "1229"]
[PlyCount "101"]
[WhiteFideId "24690236"]
[BlackFideId "34609822"]
[EventCountry "GER"]
[EventRounds "11"]
[EventType "swiss"]
[EventDate "2009.05.30"]

1. e4 e5 2. Nf3 Nc6 3. Bc4 Nf6 4. d3 d6 5. c3 Bg4 6. Be3 Be7 7. O-O O-O 8. Nbd2
Re8 9. b4 a6 10. Qb3 Bh5 11. Ng5 Rf8 12. a4 h6 13. Ngf3 Bg6 14. h3 a5 15. b5
Na7 16. Qc2 c6 17. Rfb1 d5 18. Ba2 Qd7 19. Nxe5 Qe6 20. Nxg6 fxg6 21. Re1 Qd7
22. Bxa7 Rxa7 23. bxc6 bxc6 24. Rab1 Kh7 25. e5 Nh5 26. d4 Qf5 27. Qxf5 Rxf5
28. Rb6 Bg5 29. Nb3 Raf7 30. e6 Rf8 31. f3 R5f6 32. Rxc6 Re8 33. Nxa5 Nf4 34.
Kf1 Bh4 35. Re5 Nd3 36. Rxd5 Rfxe6 37. Rxe6 Rxe6 38. Re5 Nxe5 39. Bxe6 Nd3 40.
Nc6 Nf4 41. d5 Bf6 42. a5 Nxe6 43. dxe6 Kg8 44. a6 Bxc3 45. a7 Bf6 46. a8=Q+
Kh7 47. e7 Bxe7 48. Nxe7 h5 49. h4 g5 50. Qg8+ Kh6 51. Qh8# 1-0

[Event "DEM U10/U10w 2009"]
[Site "Willingen GER"]
[Date "2009.06.01"]
[Round "4"]
[White "Flüchter, Gregor"]
[Black "Reimers, Juri"]
[Result "1/2-1/2"]
[Termination "normal"]
[Board "10"]
[WhiteElo "1226"]
[BlackElo "1503"]
[PlyCount "86"]
[WhiteFideId "12903396"]
[BlackFideId "24661511"]
[EventCountry "GER"]
[EventRounds "11"]
[EventType "swiss"]
[EventDate "2009.05.30"]

1. e4 c6 2. d4 d5 3. exd5 cxd5 4. Bd3 Nc6 5. c3 Nf6 6. Nf3 Bg4 7. h3 Bh5 8. O-O
e6 9. Bf4 Bd6 10. Bxd6 Qxd6 11. Nbd2 O-O-O 12. Qc2 Bg6 13. Rfe1 Kb8 14. Ne5
Rdf8 15. Nxc6+ Qxc6 16. Rac1 Rc8 17. Nf3 Bxd3 18. Qxd3 Qc7 19. Ne5 Rhf8 20. Qg3
g6 21. Qf4 Ne8 22. Nd7+ Ka8 23. Qxc7 Nxc7 24. Nxf8 Rxf8 25. a4 Kb8 26. Rc2 Re8
27. b3 Rf8 28. g4 Ne8 29. c4 Nc7 30. c5 Na6 31. Kg2 Nb4 32. Rd2 Na6 33. Rb2 Nb4
34. f3 a5 35. Rc1 Nc6 36. Kg3 Kc7 37. h4 Kd7 38. Rh1 Ke7 39. g5 Rg8 40. f4 Rf8
41. h5 Rg8 42. Kf3 Nb4 43. hxg6 hxg6 1/2-1/2

[Event "DEM U10/U10w 2009"]
[Site "Willingen GER"]
[Date "2009.06.01"]
[Round "4"]
[White "Teichmann, Felix"]
[Black "Mager, Denis"]
[Result "0-1"]
[Termination "normal"]
[Board "11"]
[WhiteElo "1211"]
[BlackElo "1497"]
[PlyCount "134"]
[WhiteFideId "12927538"]
[BlackFideId "24691127"]
[EventCountry "GER"]
[EventRounds "11"]
[EventType "swiss"]
[EventDate "2009.05.30"]

1. e4 e6 2. d4 d5 3. e5 c5 4. c3 Nc6 5. Be3 Qb6 6. Qd2 Bd7 7. a3 Na5 8. dxc5
Qc7 9. Qc2 Qxe5 10. Nf3 Qc7 11. Bd3 Nf6 12. Nbd2 e5 13. Be2 Nc6 14. b4 a6 15.
Nb3 Ne7 16. Bg5 Bf5 17. Qd2 Ne4 18. Qb2 f6 19. Be3 Rd8 20. Rd1 Nc6 21. b5 axb5
22. Bxb5 Be7 23. O-O O-O 24. Rfe1 Bg4 25. Be2 f5 26. h3 Bh5 27. Nbd2 f4 28.
Nxe4 dxe4 29. Nd2 Bxe2 30. Rxe2 fxe3 31. Rxe3 Bxc5 32. Rxe4 Rxf2 33. Kh1 Qd7
34. Qc1 Rxd2 35. Rxd2 Qxd2 36. Qf1 Qf2 37. Qxf2 Bxf2 38. Re2 Rd1+ 39. Kh2 Bc5
40. a4 Rd3 41. c4 Bd4 42. Rc2 Rc3 43. Re2 Rxc4 44. Rd2 Rxa4 45. Re2 b5 46. Rc2
Rc4 47. Ra2 b4 48. Ra8+ Kf7 49. Ra2 b3 50. Ra3 b2 51. Rf3+ Ke6 52. Rb3 Rb4 53.
Rxb2 Rxb2 54. h4 Kf5 55. h5 e4 56. h6 Ne5 57. hxg7 Ng4+ 58. Kh3 Nf2+ 59. Kh2
Be5+ 60. Kg1 Bg3 61. Kf1 Rb8 62. Ke2 Ng4 63. g8=Q Rxg8 64. Kf1 Kf4 65. Kg1 Rc8
66. Kf1 Ke3 67. Kg1 Rc1# 0-1

[Event "DEM U10/U10w 2009"]
[Site "Willingen GER"]
[Date "2009.06.01"]
[Round "4"]
[White "Oelfke, Nils Lukas"]
[Black "Hemprich, Iustus"]
[Result "1/2-1/2"]
[Termination "normal"]
[Board "13"]
[WhiteElo "1196"]
[BlackElo "1420"]
[PlyCount "63"]
[EventCountry "GER"]
[EventRounds "11"]
[EventType "swiss"]
[EventDate "2009.05.30"]

1. e4 c5 2. Nf3 Nc6 3. d4 cxd4 4. Nxd4 Nf6 5. Nc3 e5 6. Ndb5 d6 7. Bg5 a6 8.
Na3 b5 9. Nd5 Be7 10. Bxf6 Bxf6 11. c4 bxc4 12. Nxc4 Nd4 13. Ncb6 Rb8 14. Qa4+
Bd7 15. Nxd7 Qxd7 16. Qxd7+ Kxd7 17. Rb1 a5 18. Bd3 Rhc8 19. O-O Bg5 20. b3 Bd2
21. Bc4 Ke8 22. Rbd1 Bb4 23. Kh1 a4 24. Rd3 axb3 25. axb3 Bc5 26. Rb1 Bb4 27.
Rg3 Kf8 28. Rh3 h6 29. Ne3 Ra8 30. Bd5 Ra2 31. f3 Bd2 32. Nc4 1/2-1/2

[Event "DEM U10/U10w 2009"]
[Site "Willingen GER"]
[Date "2009.06.01"]
[Round "4"]
[White "Spitzl, Vinzent"]
[Black "Scheinhütte, Jakob"]
[Result "1/2-1/2"]
[Termination "normal"]
[Board "15"]
[WhiteElo "1382"]
[BlackElo "1174"]
[PlyCount "54"]
[WhiteFideId "12901253"]
[BlackFideId "24693944"]
[EventCountry "GER"]
[EventRounds "11"]
[EventType "swiss"]
[EventDate "2009.05.30"]

1. e4 e6 2. d4 d5 3. exd5 exd5 4. Nf3 Bd6 5. c4 Qe7+ 6. Qe2 Bf5 7. Qxe7+ Nxe7
8. Be2 dxc4 9. Bxc4 Nbc6 10. a3 a5 11. Nbd2 O-O 12. O-O Rad8 13. Nb3 b6 14. Bg5
h6 15. Bh4 Rd7 16. Bb5 g5 17. Bg3 Bxg3 18. hxg3 Rd5 19. Bxc6 Nxc6 20. Rac1 Bd7
21. Rfe1 Rc8 22. g4 a4 23. Nbd2 Nxd4 24. Ne4 Nxf3+ 25. gxf3 Kg7 26. Rc2 Re5 27.
Rec1 Bxg4 1/2-1/2

[Event "DEM U10/U10w 2009"]
[Site "Willingen GER"]
[Date "2009.06.01"]
[Round "4"]
[White "Peter, Anton"]
[Black "von Reppert, Marc"]
[Result "1-0"]
[Termination "normal"]
[Board "16"]
[WhiteElo "1359"]
[BlackElo "1111"]
[PlyCount "81"]
[WhiteFideId "12901660"]
[BlackFideId "12918130"]
[EventCountry "GER"]
[EventRounds "11"]
[EventType "swiss"]
[EventDate "2009.05.30"]

1. d4 d5 2. c4 c6 3. Nf3 Nf6 4. Nc3 Bg4 5. Bg5 Nbd7 6. e3 e6 7. Be2 Bb4 8. O-O
O-O 9. Qb3 Bxc3 10. bxc3 Qc7 11. Rab1 b6 12. Bf4 Qc8 13. h3 Bh5 14. Rfe1 Ne4
15. Qc2 Bg6 16. Bd3 Ndf6 17. Nh4 Qd7 18. Nxg6 fxg6 19. Rec1 Nd6 20. Qa4 dxc4
21. Bxd6 Qxd6 22. Qxc4 Qd5 23. Qa4 c5 24. Bb5 Ne4 25. f3 Nd6 26. Bc6 Qc4 27.
Qxc4 Nxc4 28. Bxa8 Rxa8 29. e4 Rd8 30. dxc5 bxc5 31. Rd1 Re8 32. Rd7 a5 33. Rc7
Ra8 34. Rbb7 Nd6 35. Rxg7+ Kf8 36. Rxh7 Nxb7 37. Rh8+ Kf7 38. Rxa8 Kf6 39. Ra7
Nd6 40. Rxa5 Nb7 41. Rb5 1-0

[Event "DEM U10/U10w 2009"]
[Site "Willingen GER"]
[Date "2009.06.01"]
[Round "4"]
[White "Perske, Thore"]
[Black "Bachem, Oliver"]
[Result "0-1"]
[Termination "normal"]
[Board "17"]
[WhiteElo "1120"]
[BlackElo "1349"]
[PlyCount "110"]
[WhiteFideId "12902195"]
[BlackFideId "12940186"]
[EventCountry "GER"]
[EventRounds "11"]
[EventType "swiss"]
[EventDate "2009.05.30"]

1. e4 d5 2. exd5 Nf6 3. Nf3 Nxd5 4. Bc4 Nc6 5. d3 Nf6 6. O-O Bg4 7. h3 Bh5 8.
Re1 Nd4 9. Nbd2 e6 10. c3 Nxf3+ 11. Nxf3 Be7 12. d4 c6 13. Qd3 Bg6 14. Qd1 Nd7
15. Bf4 O-O 16. Qd2 Nb6 17. Bb3 Bd6 18. Bxd6 Qxd6 19. Ne5 Nd7 20. Nxg6 hxg6 21.
Bc2 c5 22. Rad1 cxd4 23. Qxd4 Qxd4 24. Rxd4 Nf6 25. Be4 Nxe4 26. Rexe4 Rfd8 27.
Kf1 Kf8 28. Ke2 Ke7 29. Rb4 b6 30. Rbc4 Rd7 31. Red4 Rad8 32. Rxd7+ Rxd7 33.
Rc8 Rd8 34. Rxd8 Kxd8 35. Ke3 Kd7 36. Ke4 Kd6 37. f4 f6 38. b4 a6 39. a4 b5 40.
axb5 axb5 41. g4 g5 42. fxg5 fxg5 43. Kd4 e5+ 44. Ke4 Ke6 45. Kd3 Kd5 46. Kd2
Kc4 47. Kc2 e4 48. Kd2 Kb3 49. c4 Kxc4 50. Ke3 Kd5 51. Kf2 Kd4 52. Ke2 e3 53.
Ke1 Kd3 54. Kd1 e2+ 55. Ke1 g6 0-1

[Event "DEM U10/U10w 2009"]
[Site "Willingen GER"]
[Date "2009.06.01"]
[Round "4"]
[White "Krüger, David"]
[Black "Pallas, Sebastian"]
[Result "1-0"]
[Termination "normal"]
[Board "18"]
[WhiteElo "1094"]
[BlackElo "1334"]
[PlyCount "40"]
[WhiteFideId "12921858"]
[BlackFideId "12905453"]
[EventCountry "GER"]
[EventRounds "11"]
[EventType "swiss"]
[EventDate "2009.05.30"]

1. d4 d5 2. c4 c6 3. Nc3 Nf6 4. e3 e6 5. Bd2 Nbd7 6. Nf3 Be7 7. cxd5 exd5 8.
Bd3 Nb6 9. O-O Bg4 10. Be2 O-O 11. Ne5 Bxe2 12. Qxe2 Bd6 13. f4 Qc7 14. b3 Nbd7
15. Rac1 b6 16. Nb5 Qb8 17. Nxc6 Qe8 18. Nxd6 Qe6 19. Bb4 Kh8 20. f5 Qxd6 1-0

[Event "DEM U10/U10w 2009"]
[Site "Willingen GER"]
[Date "2009.06.01"]
[Round "4"]
[White "Schirmer, Christoph"]
[Black "Wiesner, Paula"]
[Result "0-1"]
[Termination "normal"]
[Board "20"]
[WhiteElo "1092"]
[BlackElo "1942"]
[PlyCount "60"]
[BlackFideId "24654019"]
[EventCountry "GER"]
[EventRounds "11"]
[EventType "swiss"]
[EventDate "2009.05.30"]

1. e4 e5 2. Nf3 Nf6 3. d3 Nc6 4. Be2 Be7 5. O-O O-O 6. Nbd2 d5 7. c3 h6 8. Qc2
Be6 9. a3 Re8 10. b4 a6 11. Ra2 dxe4 12. c4 exf3 13. Bxf3 Nd4 14. Qb1 c6 15.
Bb2 Bf5 16. Rd1 Qc7 17. Bxd4 exd4 18. Be4 Nxe4 19. Nxe4 Bd6 20. Nxd6 Qxd6 21.
Re1 Bxd3 22. Qc1 Rxe1+ 23. Qxe1 Bxc4 24. Rd2 Qd7 25. Qd1 d3 26. h3 Re8 27. Kh2
Qd5 28. a4 Re2 29. Rxe2 dxe2 30. Qxd5 Bxd5 0-1

[Event "DEM U10/U10w 2009"]
[Site "Willingen GER"]
[Date "2009.06.01"]
[Round "4"]
[White "Schulte, Felix"]
[Black "Paulsen, Alexej"]
[Result "1-0"]
[Termination "normal"]
[Board "21"]
[WhiteElo "1179"]
[BlackElo "1549"]
[PlyCount "65"]
[WhiteFideId "12914800"]
[BlackFideId "24662372"]
[EventCountry "GER"]
[EventRounds "11"]
[EventType "swiss"]
[EventDate "2009.05.30"]

1. e4 c5 2. d4 cxd4 3. c3 Nf6 4. e5 Nd5 5. cxd4 d6 6. Bc4 Nb6 7. Bb3 d5 8. Nf3
Bf5 9. Nc3 e6 10. O-O Be7 11. Be3 O-O 12. Qe2 Nc6 13. Rac1 Nb4 14. Rfd1 Rc8 15.
a3 Nc6 16. Nd2 Na5 17. Ba2 Nac4 18. Nxc4 Nxc4 19. Bb1 Bxb1 20. Rxb1 Qd7 21. Qg4
Kh8 22. Ne2 Nxe3 23. fxe3 Rc2 24. Nf4 Qd8 25. Rf1 Bg5 26. Rf3 Bh6 27. Rg3 Qa5
28. Rf1 Qd8 29. Nh5 g6 30. Nf6 Bg7 31. Qh4 Bxf6 32. exf6 g5 33. Qh6 1-0

[Event "DEM U10/U10w 2009"]
[Site "Willingen GER"]
[Date "2009.06.01"]
[Round "4"]
[White "Greßmann, Moritz"]
[Black "Sieber, Fiona"]
[Result "1/2-1/2"]
[Termination "normal"]
[Board "22"]
[WhiteElo "1500"]
[BlackElo "1082"]
[PlyCount "61"]
[WhiteFideId "24695084"]
[BlackFideId "12902373"]
[EventCountry "GER"]
[EventRounds "11"]
[EventType "swiss"]
[EventDate "2009.05.30"]

1. Nf3 d5 2. c4 c6 3. e3 e6 4. d4 Bd6 5. Nc3 Nf6 6. Bd3 Nbd7 7. O-O O-O 8. Qc2
h6 9. e4 dxc4 10. Bxc4 e5 11. dxe5 Nxe5 12. Nxe5 Bxe5 13. Rd1 Qc7 14. h3 Be6
15. Bxe6 fxe6 16. Ne2 Rad8 17. Be3 Rf7 18. f4 Rxd1+ 19. Rxd1 Bd6 20. e5 Bxe5
21. fxe5 Qxe5 22. Rd8+ Rf8 23. Rxf8+ Kxf8 24. Bxa7 Qa5 25. Bc5+ Kf7 26. a3 Qe1+
27. Kh2 Ng4+ 28. hxg4 Qh4+ 29. Kg1 Qe1+ 30. Kh2 Qh4+ 31. Kg1 1/2-1/2

[Event "DEM U10/U10w 2009"]
[Site "Willingen GER"]
[Date "2009.06.01"]
[Round "4"]
[White "Fabiunke, Jakob"]
[Black "Stukenborg, Rudi"]
[Result "1/2-1/2"]
[Termination "normal"]
[Board "23"]
[WhiteElo "1289"]
[BlackElo "1035"]
[PlyCount "138"]
[WhiteFideId "24686085"]
[BlackFideId "1270497"]
[EventCountry "GER"]
[EventRounds "11"]
[EventType "swiss"]
[EventDate "2009.05.30"]

1. d4 d5 2. Nf3 Nf6 3. c4 c6 4. Nc3 e6 5. Bg5 Nbd7 6. e3 Qa5 7. a3 Qc7 8. Bd3
h6 9. Bf4 Bd6 10. Bxd6 Qxd6 11. Qc2 b6 12. O-O O-O 13. Rfe1 Bb7 14. e4 dxe4 15.
Nxe4 Nxe4 16. Bxe4 Nf6 17. Bd3 c5 18. dxc5 Qxc5 19. b4 Qe7 20. Ne5 Rfd8 21. c5
Rac8 22. Rac1 bxc5 23. bxc5 Bc6 24. Nxc6 Rxc6 25. Bb5 Rc7 26. a4 Nd7 27. Bxd7
Rdxd7 28. Red1 Rxd1+ 29. Rxd1 Rxc5 30. Qb1 Rc8 31. h3 Qc7 32. Qb5 Qb6 33. Qxb6
axb6 34. Rb1 Ra8 35. Rb4 Kf8 36. f4 Ra5 37. Kf2 Ke7 38. g3 Kd7 39. Rxb6 Rxa4
40. Rb7+ Ke8 41. Rb8+ Ke7 42. Rb7+ Kf6 43. Ke3 Ra3+ 44. Kf2 g5 45. fxg5+ hxg5
46. Kg2 Kg6 47. g4 f6 48. Rb6 Re3 49. Kf2 Rxh3 50. Rxe6 Ra3 51. Kg2 Kf7 52. Re2
Ra5 53. Rf2 Kg6 54. Kg3 f5 55. Rxf5 Rxf5 56. gxf5+ Kxf5 57. Kf3 Kf6 58. Kg4 Kg6
59. Kg3 Kf6 60. Kg4 Kg6 61. Kg3 Kh5 62. Kh3 g4+ 63. Kg3 Kg5 64. Kg2 Kf4 65. Kf2
g3+ 66. Kg2 Kg4 67. Kg1 Kf3 68. Kf1 g2+ 69. Kg1 Kg3 1/2-1/2

[Event "DEM U10/U10w 2009"]
[Site "Willingen GER"]
[Date "2009.06.01"]
[Round "4"]
[White "Kasel, Mario"]
[Black "Hutton, Jim"]
[Result "1/2-1/2"]
[Termination "normal"]
[Board "24"]
[WhiteElo "1234"]
[BlackElo "1167"]
[PlyCount "155"]
[WhiteFideId "24660957"]
[EventCountry "GER"]
[EventRounds "11"]
[EventType "swiss"]
[EventDate "2009.05.30"]

1. e4 e6 2. d4 d5 3. e5 c5 4. c3 Nc6 5. Nf3 Qb6 6. b3 Nge7 7. Be3 Nf5 8. Bd3
Nxe3 9. fxe3 cxd4 10. exd4 Be7 11. Nbd2 O-O 12. O-O Bd7 13. Qc2 g6 14. Qb2 Rac8
15. c4 dxc4 16. Nxc4 Qc7 17. Rac1 b5 18. Ncd2 Qa5 19. Qc3 Bb4 20. Qc2 Ne7 21.
Qd1 Rxc1 22. Qxc1 Rc8 23. Qd1 Nd5 24. Rf2 Nc3 25. Qa1 Nxa2 26. Nf1 Rc1 27. Qxa2
Qxa2 28. Rxa2 a5 29. N3d2 a4 30. bxa4 bxa4 31. Ne4 Bc6 32. Nf6+ Kg7 33. Rc2
Rxc2 34. Bxc2 a3 35. Bb3 Ba4 36. Ba2 Bc3 37. Kh1 Bxd4 38. Ng4 f5 39. exf6+ Bxf6
40. Bxe6 Be8 41. Nd2 Be7 42. Kg1 Bf7 43. Bxf7 Kxf7 44. Kf1 a2 45. Nb3 h5 46.
Ne5+ Kf6 47. Nc6 Ba3 48. Ncd4 Ke5 49. Nc2 Bb2 50. Ke2 Ke4 51. Kd2 g5 52. Ke2
Kd5 53. Kd3 h4 54. h3 Ke5 55. Ke3 Kf5 56. Nbd4+ Ke5 57. Nb3 Kd5 58. Kd3 Ke5 59.
Ke2 Ke4 60. Nd2+ Kf4 61. Kf2 a1=Q 62. Nxa1 Bxa1 63. Nb3 Be5 64. Nc1 Kf5 65. Nd3
Bd4+ 66. Kf3 Bb6 67. Nb4 Bc5 68. Nc6 Bb6 69. Ne7+ Ke6 70. Nc8 Bd4 71. Kg4 Be3
72. Kf3 Bg1 73. Kg4 Be3 74. Kf3 Bc5 75. Kg4 Kf6 76. Kf3 Kf5 77. g4+ hxg3 78.
Kxg3 1/2-1/2